Normal view
MARC view
- Molinas, Marta.
Entry Personal Name
001 - CONTROL NUMBER
- control field: 55920
003 - CONTROL NUMBER IDENTIFIER
- control field: OSt
005 - DATE AND TIME OF LATEST TRANSACTION
- control field: 20240403095436.0
008 - FIXED-LENGTH DATA ELEMENTS
- fixed length control field: 240403|| aca||aabn | a|a d
040 ## - CATALOGING SOURCE
- Original cataloging agency: OSt
- Transcribing agency: OSt
100 ## - HEADING--PERSONAL NAME
- Personal name: Molinas, Marta.
- Relator term: author.
670 ## - SOURCE DATA FOUND
- Source citation: Work cat.: (OSt): Leng, Minrui. author. 55917, Projections of cyberattacks on stability of DC microgrids——modeling principles and solution /, October 2022.
